Building a Resilient and Sustainable Agriculture in Sub-Saharan Africa (Record no. 92134)
[ view plain ]
| 000 -LEADER | |
|---|---|
| fixed length control field | 01498nam a2200253Ii 4500 |
| 008 - FIXED-LENGTH DATA ELEMENTS--GENERAL INFORMATION | |
| fixed length control field | 221202s xx 000 0 und d |
| 245 #0 - TITLE STATEMENT | |
| Title | Building a Resilient and Sustainable Agriculture in Sub-Saharan Africa |
| 264 #1 - PRODUCTION, PUBLICATION, DISTRIBUTION, MANUFACTURE, AND COPYRIGHT NOTICE | |
| Place of production, publication, distribution, manufacture | Basingstoke |
| Name of producer, publisher, distributor, manufacturer | Springer Nature |
| Date of production, publication, distribution, manufacture, or copyright notice | 2018 |
| 300 ## - PHYSICAL DESCRIPTION | |
| Extent | 1 online resource |
| 336 ## - CONTENT TYPE | |
| Content type term | text |
| Content type code | txt |
| Source | rdacontent |
| 337 ## - MEDIA TYPE | |
| Media type term | computer |
| Media type code | c |
| Source | rdamedia |
| 338 ## - CARRIER TYPE | |
| Carrier type term | online resource |
| Carrier type code | cr |
| Source | rdacarrier |
| 520 ## - SUMMARY, ETC. | |
| Summary, etc. | Sustainable agriculture in Sub-Saharan Africa; Agricultural economics; Climate change economics; Agricultural productivity; Modern technology adoption by farmers; Agricultural sustainability; Bioenergy Crop Adoption; Agro-Industrialization; Agriculture sector development; Environmental Efficiency; Global Value Chains; Regional value chains; African economic development; African agricultural transformation; Labour productivity; Drought Index Insurance; Supplemental irrigation; Special Economic Zones; ECOWAS countries |
| 653 ## - INDEX TERM--UNCONTROLLED | |
| Uncontrolled term | Agricultural Economics |
| 653 ## - INDEX TERM--UNCONTROLLED | |
| Uncontrolled term | Agricultural Productivity |
| 653 ## - INDEX TERM--UNCONTROLLED | |
| Uncontrolled term | Climate Change Economics |
| 653 ## - INDEX TERM--UNCONTROLLED | |
| Uncontrolled term | Modern Technology Adoption By Farmers |
| 653 ## - INDEX TERM--UNCONTROLLED | |
| Uncontrolled term | Sustainable Agriculture In Sub-Saharan Africa |
| 700 1# - ADDED ENTRY--PERSONAL NAME | |
| Personal name | Boly, Amadou |
| 700 1# - ADDED ENTRY--PERSONAL NAME | |
| Personal name | Shimeles, Abebe |
| 700 1# - ADDED ENTRY--PERSONAL NAME | |
| Personal name | Verdier-Chouchane, Audrey |
| 856 ## - ELECTRONIC LOCATION AND ACCESS | |
| Uniform Resource Identifier | <a href="https://docs.google.com/spreadsheets/d/1yKIrdCPDAG_9c22mwoOIO2DOhtj65Wqa/edit?usp=sharing&ouid=106555315294820607512&rtpof=true&sd=true ">https://docs.google.com/spreadsheets/d/1yKIrdCPDAG_9c22mwoOIO2DOhtj65Wqa/edit?usp=sharing&ouid=106555315294820607512&rtpof=true&sd=true </a> |
| Link text | List of Curated E-Books |
| 942 ## - ADDED ENTRY ELEMENTS (KOHA) | |
| Koha item type | E-Book |
No items available.